Europejscy sportowcy - nagła śmierć - Statystyki

Ogólne statystyki
  • Ten quiz został rozwiązany 278 razy
  • Średni wynik to 9 z 14
Answers on the Grid
Answers color-coded by a green-red scale on the quiz's grid according to % correct below.
Anita Włodarczyk
Michael Phelps
Marit Bjørgen
Lionel Messi
Roger Federer
Mohamed Salah
Roberto Carlos
Peter Prevc
Mike Tyson
Cristiano Ronaldo
Micah Christenson
Armand Duplantis
Femke Bol
Ashleigh Barty
Rafael Nadal
Luis Suárez
Magda Linette
Lindsey Vonn
Bruno Rezende
Noriaki Kasai
Charlotte Kalla
Usain Bolt
Paula Badosa
Mikaela Shiffrin
Tadej Pogacar
Stefan Kraft
Tomasz Adamek
Taylor Averill
 
Statystyki odpowiedzi
Odpowiedź % Poprawnych
Anita Włodarczyk
98%
Cristiano Ronaldo
76%
Marit Bjørgen
74%
Peter Prevc
72%
Magda Linette
71%
Roger Federer
71%
Tomasz Adamek
67%
Rafael Nadal
66%
Stefan Kraft
65%
Armand Duplantis
58%
Tadej Pogacar
45%
Femke Bol
41%
Paula Badosa
39%
Charlotte Kalla
26%
Nie znaleziono quizów pasujących do podanych kryteriów
Rozkład punktacji
Procent ludzi z każdym wynikiem
Percentyl według liczby udzielonych odpowiedzi
Twoja historia wyników
Nie rozwiązałeś tego quizu